Effectif Brésil - Coupe du monde 2026 - Statistiques

Statistiques générales
  • Ce quiz a été pris 66 fois
  • Le résultat moyen est 19 sur 27
Statistiques - réponses
Poste Club Numéro Joueur % Correct
Gardien FC Liverpool 1 Alisson
100%
Défenseur Paris Saint-Germain 4 Marquinhos
96%
Attaquant Santos FC 10 Neymar Jr.
96%
Attaquant Real Madrid 7 Vinicius Jr.
96%
Défenseur Arsenal FC 3 Gabriel Magalhães
95%
Attaquant FC Barcelone 11 Raphinha
93%
Sélectionneur - - Carlo Ancelotti
91%
Gardien Fenerbahçe 23 Ederson
91%
Attaquant Arsenal FC 22 Gabriel Martinelli
89%
Milieu Manchester United 5 Casemiro
88%
Attaquant Olympique Lyonnais 19 Endrick
88%
Défenseur Juventus Turin 14 Bremer
80%
Milieu Newcastle United 8 Bruno Guimarães
80%
Attaquant Manchester United 9 Matheus Cunha
77%
Attaquant FC Brentford 25 Igor Thiago
66%
Milieu Flamengo 20 Lucas Paquetá
64%
Défenseur Flamengo 13 Danilo
59%
Milieu Botafogo 13 Danilo
59%
Défenseur AS Roma 2 Wesley
59%
Milieu Al-Ittihad 17 Fabinho
57%
Défenseur Flamengo 6 Alex Sandro
55%
Attaquant AFC Bournemouth 26 Rayan
43%
Attaquant Zenit St. Pétersbourg 21 Luiz Henrique
39%
Gardien Grêmio 12 Weverton
36%
Défenseur Al-Ahli SFC 24 Roger Ibañez
32%
Défenseur Flamengo 15 Léo Pereira
27%
Défenseur Zenit St. Pétersbourg 16 Douglas Santos
25%
Aucun quiz correspondant
Distribution des résultats
% des personnes avec chaque résultat
Percentile par nombre de réponses
Votre historique - résultats
Vous n’avez pas pris ce quiz